Technological innovation and the economy : A Science of Science Foundation Symposium on Technological Innovation and the Growth of the Economy, held at Churchill College, Cambridge, England, April 11/13, 1969
The purpose of the Science of Science Foundation is to promote the scientific investigation of science itself a social phenomenon.
Gardado en:
| Formato: | Libro |
|---|---|
| Idioma: | Undetermined |
| Publicado: |
London
Wiley-Interscience
1970
|
| Những chủ đề: | |
| Các nhãn: |
Engadir etiqueta
Sen Etiquetas, Sexa o primeiro en etiquetar este rexistro!
|
| Thư viện lưu trữ: | Trung tâm Học liệu Trường Đại học Cần Thơ |
|---|
| LEADER | 00840nam a2200193Ia 4500 | ||
|---|---|---|---|
| 001 | CTU_222207 | ||
| 008 | 210402s9999 xx 000 0 und d | ||
| 082 | |a 338.0183 | ||
| 082 | |b T255 | ||
| 245 | 0 | |a Technological innovation and the economy : | |
| 245 | 2 | |b A Science of Science Foundation Symposium on Technological Innovation and the Growth of the Economy, held at Churchill College, Cambridge, England, April 11/13, 1969 | |
| 245 | 0 | |c edited by Maurice Goldsmith | |
| 260 | |a London | ||
| 260 | |b Wiley-Interscience | ||
| 260 | |c 1970 | ||
| 520 | |a The purpose of the Science of Science Foundation is to promote the scientific investigation of science itself a social phenomenon. | ||
| 650 | |a Technological innovations,Đổi mới công nghệ | ||
| 904 | |i Trúc | ||
| 980 | |a Trung tâm Học liệu Trường Đại học Cần Thơ | ||